[Event "World Senior Championship F50+/F65+"]
[Site "Katerini"]
[Date "2014.11.02"]
[Round "9.10"]
[White "Khropova, Larisa"]
[Black "Pelias, Marilyn"]
[Result "1-0"]
[WhiteElo "2026"]
[BlackElo "1613"]
[EventDate "2014.10.24"]

1. d4 {[%clk 1:30:59]} d5 {[%clk 1:30:53]} 2. Nf3 {[%clk 1:31:19]} Nc6
{[%clk 1:31:16]} 3. Bf4 {[%clk 1:31:40]} b6 {[%clk 1:29:48]} 4. e3
{[%clk 1:32:01]} Bb7 {[%clk 1:29:22]} 5. c3 {[%clk 1:32:06]} Nf6 {[%clk 1:27:57]}
6. Qa4 {[%clk 1:32:10]} Nd7 {[%clk 1:23:19]} 7. Bb5 {[%clk 1:31:48]} Ncb8
{[%clk 1:18:04]} 8. Ne5 {[%clk 1:28:33]} f6 {[%clk 1:05:55]} 9. Nc6
{[%clk 1:22:51]} Bxc6 {[%clk 1:03:56]} 10. Bxc6 {[%clk 1:23:14]} Nxc6
{[%clk 1:02:57]} 11. Qxc6 {[%clk 1:23:35]} Rc8 {[%clk 0:59:41]} 12. Qxd5
{[%clk 1:23:31]} c6 {[%clk 0:57:57]} 13. Qe6 {[%clk 1:23:07]} b5 {[%clk 0:51:33]}
14. Nd2 {[%clk 1:19:49]} Nb6 {[%clk 0:46:50]} 15. Ne4 {[%clk 1:18:40]} Nc4
{[%clk 0:43:25]} 16. b3 {[%clk 1:17:51]} Qd7 {[%clk 0:42:54]} 17. Qxd7+
{[%clk 1:17:58]} Kxd7 {[%clk 0:43:09]} 18. bxc4 {[%clk 1:18:21]} g5
{[%clk 0:42:14]} 19. Nc5+ {[%clk 1:17:56]} Ke8 {[%clk 0:41:50]} 20. Bg3
{[%clk 1:18:09]} e5 {[%clk 0:41:22]} 21. h4 {[%clk 1:18:20]} Bxc5
{[%clk 0:41:03]} 22. dxc5 {[%clk 1:18:44]} g4 {[%clk 0:40:35]} 23. Ke2
{[%clk 1:18:55]} h5 {[%clk 0:40:48]} 24. Rhd1 {[%clk 1:18:40]} Rd8
{[%clk 0:40:50]} 25. Rxd8+ {[%clk 1:18:50]} Kxd8 {[%clk 0:41:18]} 26. Rd1+
{[%clk 1:19:05]} Kc7 {[%clk 0:41:30]} 27. cxb5 {[%clk 1:19:08]} cxb5
{[%clk 0:41:29]} 28. Rd6 {[%clk 1:19:27]} Rf8 {[%clk 0:41:17]} 29. Rxf6
{[%clk 1:19:38]} Re8 {[%clk 0:40:34]} 30. f3 {[%clk 1:18:38]} gxf3+
{[%clk 0:39:37]} 31. Kxf3 {[%clk 1:18:43]} Kb7 {[%clk 0:39:15]} 32. Ke4
{[%clk 1:17:46]} a5 {[%clk 0:38:48]} 33. Bxe5 {[%clk 1:17:48]} Rg8
{[%clk 0:37:35]} 34. g3 {[%clk 1:17:54]} Rc8 {[%clk 0:37:22]} 35. Rb6+
{[%clk 1:17:41]} Ka7 {[%clk 0:37:01]} 36. Kd5 {[%clk 1:17:54]} a4
{[%clk 0:36:06]} 37. a3 {[%clk 1:17:52]} Re8 {[%clk 0:32:34]} 38. Rxb5
{[%clk 1:17:45]} Rd8+ {[%clk 0:32:34]} 39. Bd6 {[%clk 1:18:03]} Ka6
{[%clk 0:32:22]} 40. Rb6+ {[%clk 1:48:12]} Ka7 {[%clk 1:02:36]} 41. e4
{[%clk 1:48:05]} Rd7 {[%clk 1:02:14]} 42. e5 {[%clk 1:48:10]} Rb7
{[%clk 1:01:59]} 43. e6 {[%clk 1:47:56]} Rg7 {[%clk 1:01:43]} 44. e7
{[%clk 1:48:06]} Rxg3 {[%clk 1:01:38]} 45. Bxg3 {[%clk 1:48:20]} Ka8
{[%clk 1:01:49]} 46. e8=Q+ {[%clk 1:48:24]} Ka7 {[%clk 1:02:13]} 47. Qb8#
{[%clk 1:48:49]} 1-0

[Event "World Senior Championship F50+/F65+"]
[Site "Katerini"]
[Date "2014.11.03"]
[Round "10.1"]
[White "Mednikova, Svetlana"]
[Black "Birkholz, Olga"]
[Result "1-0"]
[WhiteElo "2154"]
[BlackElo "2067"]
[EventDate "2014.10.24"]

1. e4 {[%clk 1:30:58]} a6 {[%clk 1:28:33]} 2. d4 {[%clk 1:30:33]} g6
{[%clk 1:29:01]} 3. Nc3 {[%clk 1:26:50]} Bg7 {[%clk 1:29:25]} 4. g3
{[%clk 1:23:27]} b5 {[%clk 1:24:05]} 5. Bg2 {[%clk 1:23:29]} Bb7 {[%clk 1:24:33]}
6. Nge2 {[%clk 1:20:07]} b4 {[%clk 1:19:56]} 7. Nd5 {[%clk 1:19:25]} Nc6
{[%clk 1:19:52]} 8. O-O {[%clk 1:17:46]} d6 {[%clk 1:12:23]} 9. c3
{[%clk 1:16:43]} bxc3 {[%clk 1:08:16]} 10. bxc3 {[%clk 1:16:56]} h5
{[%clk 1:08:03]} 11. Rb1 {[%clk 1:14:58]} Rb8 {[%clk 1:06:28]} 12. f4
{[%clk 0:51:08]} e6 {[%clk 0:58:57]} 13. Ne3 {[%clk 0:48:05]} Nce7
{[%clk 0:55:00]} 14. Qd3 {[%clk 0:36:53]} Nh6 {[%clk 0:42:28]} 15. c4
{[%clk 0:28:13]} O-O {[%clk 0:36:33]} 16. d5 {[%clk 0:27:02]} Qd7
{[%clk 0:28:42]} 17. Bb2 {[%clk 0:26:25]} Bxb2 {[%clk 0:25:53]} 18. Rxb2
{[%clk 0:26:52]} Ba8 {[%clk 0:25:13]} 19. Rd2 {[%clk 0:20:03]} exd5
{[%clk 0:17:16]} 20. cxd5 {[%clk 0:19:43]} Rb6 {[%clk 0:16:08]} 21. f5
{[%clk 0:17:10]} Qb5 {[%clk 0:13:10]} 22. Qd4 {[%clk 0:16:05]} Qc5
{[%clk 0:12:57]} 23. Qxc5 {[%clk 0:15:36]} dxc5 {[%clk 0:13:26]} 24. f6
{[%clk 0:12:32]} Nc8 {[%clk 0:13:29]} 25. Rc2 {[%clk 0:12:05]} Rb5
{[%clk 0:11:03]} 26. Rfc1 {[%clk 0:11:24]} c6 {[%clk 0:11:00]} 27. Rxc5
{[%clk 0:11:02]} Rxc5 {[%clk 0:11:29]} 28. Rxc5 {[%clk 0:11:07]} cxd5
{[%clk 0:11:52]} 29. Nxd5 {[%clk 0:10:50]} Bxd5 {[%clk 0:10:19]} 30. exd5
{[%clk 0:10:06]} Rd8 {[%clk 0:08:04]} 31. Rc6 {[%clk 0:08:24]} Ng4
{[%clk 0:06:31]} 32. Nc3 {[%clk 0:07:24]} a5 {[%clk 0:06:04]} 33. Bh3
{[%clk 0:04:45]} Nd6 {[%clk 0:06:05]} 34. Ra6 {[%clk 0:04:23]} Nxf6
{[%clk 0:06:17]} 35. Rxa5 {[%clk 0:04:35]} Nc4 {[%clk 0:06:25]} 36. Rc5
{[%clk 0:04:36]} Ne3 {[%clk 0:05:51]} 37. Bg2 {[%clk 0:04:44]} Nxg2
{[%clk 0:06:00]} 38. Kxg2 {[%clk 0:05:12]} Kf8 {[%clk 0:06:29]} 39. Kf3
{[%clk 0:03:47]} Rd7 {[%clk 0:05:00]} 40. h3 {[%clk 0:33:34]} Ke7
{[%clk 0:33:25]} 41. Ke3 {[%clk 0:28:17]} Ra7 {[%clk 0:31:37]} 42. a4
{[%clk 0:27:42]} Nd7 {[%clk 0:29:15]} 43. Rb5 {[%clk 0:25:06]} Ra6
{[%clk 0:24:58]} 44. Kd4 {[%clk 0:23:33]} g5 {[%clk 0:20:28]} 45. a5
{[%clk 0:22:03]} f5 {[%clk 0:15:28]} 46. Na4 {[%clk 0:21:21]} f4 {[%clk 0:15:14]}
47. gxf4 {[%clk 0:20:25]} Rf6 {[%clk 0:14:51]} 48. Nb6 {[%clk 0:11:28]} Rxf4+
{[%clk 0:14:43]} 49. Ke3 {[%clk 0:10:35]} Rf8 {[%clk 0:13:05]} 50. d6+
{[%clk 0:08:32]} Ke6 {[%clk 0:12:32]} 51. Nxd7 {[%clk 0:07:53]} Kxd7
{[%clk 0:12:56]} 52. Rxg5 {[%clk 0:08:22]} h4 {[%clk 0:08:01]} 53. a6
{[%clk 0:07:36]} Ra8 {[%clk 0:05:54]} 54. a7 {[%clk 0:05:23]} Kxd6
{[%clk 0:06:13]} 55. Ra5 {[%clk 0:05:49]} Kc6 {[%clk 0:06:23]} 56. Kf4
{[%clk 0:05:10]} Kb6 {[%clk 0:05:52]} 57. Ra1 {[%clk 0:05:33]} Kb7
{[%clk 0:04:40]} 58. Kg4 {[%clk 0:05:58]} Rg8+ {[%clk 0:04:57]} 59. Kxh4
{[%clk 0:06:24]} Ka8 {[%clk 0:05:25]} 60. Ra5 {[%clk 0:06:11]} Rd8
{[%clk 0:05:09]} 61. Kg4 {[%clk 0:06:16]} Rd4+ {[%clk 0:04:37]} 62. Kg5
{[%clk 0:06:43]} Rd1 {[%clk 0:04:52]} 63. h4 {[%clk 0:07:10]} Rd6
{[%clk 0:05:08]} 64. h5 {[%clk 0:07:29]} Rd1 {[%clk 0:05:27]} 65. h6
{[%clk 0:07:29]} Rg1+ {[%clk 0:05:48]} 66. Kf6 {[%clk 0:07:44]} Rh1
{[%clk 0:05:46]} 67. Kg6 {[%clk 0:07:48]} Rc1 {[%clk 0:05:41]} 68. Rh5
{[%clk 0:07:14]} Rc6+ {[%clk 0:05:26]} 69. Kf7 {[%clk 0:06:50]} Rc7+
{[%clk 0:05:38]} 70. Ke6 {[%clk 0:07:12]} Rh7 {[%clk 0:04:59]} 71. Kf6
{[%clk 0:07:30]} Rb7 {[%clk 0:04:58]} 72. Kg6 {[%clk 0:06:28]} Rc7
{[%clk 0:04:43]} 73. h7 {[%clk 0:06:36]} Rc6+ {[%clk 0:04:31]} 74. Kg5
{[%clk 0:06:45]} Rc5+ {[%clk 0:04:35]} 75. Kg4 {[%clk 0:07:06]} Rc4+
{[%clk 0:04:39]} 76. Kf3 {[%clk 0:07:22]} Rc3+ {[%clk 0:04:34]} 77. Ke2
{[%clk 0:07:33]} 1-0

[Event "World Senior Championship F50+/F65+"]
[Site "Katerini"]
[Date "2014.11.03"]
[Round "10.2"]
[White "Fatalibekova, Elena"]
[Black "Kasoshvili, Tsiala"]
[Result "1/2-1/2"]
[WhiteElo "2215"]
[BlackElo "2161"]
[EventDate "2014.10.24"]

1. e4 {[%clk 1:30:54]} d5 {[%clk 1:30:55]} 2. exd5 {[%clk 1:31:14]} Qxd5
{[%clk 1:31:21]} 3. Nc3 {[%clk 1:31:35]} Qd8 {[%clk 1:31:49]} 4. d4
{[%clk 1:31:57]} Nf6 {[%clk 1:31:29]} 5. Bg5 {[%clk 1:31:50]} c6 {[%clk 1:28:23]}
6. Bc4 {[%clk 1:29:04]} e6 {[%clk 1:28:42]} 7. Nf3 {[%clk 1:29:16]} Be7
{[%clk 1:29:08]} 8. O-O {[%clk 1:29:19]} Nbd7 {[%clk 1:28:50]} 9. Qe2
{[%clk 1:28:55]} Nb6 {[%clk 1:28:29]} 10. Bd3 {[%clk 1:27:44]} Nbd5
{[%clk 1:26:18]} 11. Nxd5 {[%clk 1:23:57]} Nxd5 {[%clk 1:22:13]} 12. Bxe7
{[%clk 1:24:02]} Qxe7 {[%clk 1:22:30]} 13. Qe5 {[%clk 1:23:53]} Qf6
{[%clk 1:11:52]} 14. Qxf6 {[%clk 1:16:18]} gxf6 {[%clk 1:07:10]} 15. c3
{[%clk 1:14:20]} Bd7 {[%clk 1:05:38]} 16. g3 {[%clk 1:14:25]} O-O
{[%clk 0:53:36]} 17. Rfe1 {[%clk 1:10:23]} Rfd8 {[%clk 0:52:55]} 18. Rad1
{[%clk 1:10:12]} Rac8 {[%clk 0:52:17]} 19. Re4 {[%clk 1:02:42]} Ne7
{[%clk 0:47:49]} 20. Nh4 {[%clk 0:49:59]} f5 {[%clk 0:37:50]} 21. Re5
{[%clk 0:43:51]} Ng6 {[%clk 0:32:39]} 22. Nxg6 {[%clk 0:44:08]} hxg6
{[%clk 0:33:08]} 23. f4 {[%clk 0:42:52]} Be8 {[%clk 0:30:48]} 24. Bc2
{[%clk 0:42:33]} Rd6 {[%clk 0:29:46]} 25. Kf2 {[%clk 0:32:19]} Rcd8
{[%clk 0:29:06]} 26. Ra5 {[%clk 0:32:06]} a6 {[%clk 0:26:07]} 27. Ke3
{[%clk 0:29:35]} Rd5 {[%clk 0:18:08]} 28. Rxd5 {[%clk 0:27:35]} cxd5
{[%clk 0:18:26]} 29. Bd3 {[%clk 0:26:49]} Rc8 {[%clk 0:18:07]} 1/2-1/2

[Event "World Senior Championship F50+/F65+"]
[Site "Katerini"]
[Date "2014.11.03"]
[Round "10.3"]
[White "Gaprindashvili, Nona"]
[Black "Bogumil, Tatiana"]
[Result "1-0"]
[WhiteElo "2299"]
[BlackElo "2149"]
[EventDate "2014.10.24"]

1. d4 {[%clk 1:30:48]} Nf6 {[%clk 1:30:49]} 2. c4 {[%clk 1:31:10]} c5
{[%clk 1:31:00]} 3. d5 {[%clk 1:31:31]} b5 {[%clk 1:31:09]} 4. cxb5
{[%clk 1:31:59]} a6 {[%clk 1:31:35]} 5. b6 {[%clk 1:32:22]} d6 {[%clk 1:30:26]}
6. Nc3 {[%clk 1:32:36]} Nbd7 {[%clk 1:29:50]} 7. e4 {[%clk 1:31:03]} Qxb6
{[%clk 1:28:55]} 8. Nf3 {[%clk 1:30:44]} g6 {[%clk 1:29:08]} 9. Be2
{[%clk 1:29:33]} Bg7 {[%clk 1:29:23]} 10. O-O {[%clk 1:29:53]} O-O
{[%clk 1:29:48]} 11. Rb1 {[%clk 1:25:35]} Rb8 {[%clk 1:24:26]} 12. Nd2
{[%clk 1:21:18]} Qa7 {[%clk 1:17:41]} 13. Nc4 {[%clk 1:20:17]} Ne8
{[%clk 1:10:19]} 14. Bg5 {[%clk 1:19:34]} Ne5 {[%clk 0:58:12]} 15. f4
{[%clk 1:08:23]} Nxc4 {[%clk 0:58:10]} 16. Bxc4 {[%clk 1:08:52]} Rb4
{[%clk 0:56:25]} 17. Qd3 {[%clk 1:08:31]} Bd4+ {[%clk 0:49:07]} 18. Kh1
{[%clk 1:08:56]} Kg7 {[%clk 0:44:30]} 19. Rfe1 {[%clk 1:04:04]} f6
{[%clk 0:35:21]} 20. Bh4 {[%clk 1:04:21]} Nc7 {[%clk 0:35:10]} 21. b3
{[%clk 1:03:40]} Nb5 {[%clk 0:23:31]} 22. Ne2 {[%clk 1:01:55]} Bg4
{[%clk 0:21:23]} 23. Nxd4 {[%clk 1:01:20]} Nxd4 {[%clk 0:21:24]} 24. Bf2
{[%clk 0:57:10]} Nb5 {[%clk 0:18:00]} 25. Rbc1 {[%clk 0:56:24]} Na3
{[%clk 0:15:55]} 26. Qd2 {[%clk 0:48:57]} a5 {[%clk 0:15:34]} 27. e5
{[%clk 0:39:26]} Nxc4 {[%clk 0:15:42]} 28. bxc4 {[%clk 0:37:08]} Bf5
{[%clk 0:14:15]} 29. exd6 {[%clk 0:37:16]} exd6 {[%clk 0:14:39]} 30. Qc3
{[%clk 0:37:23]} Qb7 {[%clk 0:12:40]} 31. Bh4 {[%clk 0:36:23]} a4
{[%clk 0:12:51]} 32. h3 {[%clk 0:34:58]} h5 {[%clk 0:10:59]} 33. Kh2
{[%clk 0:33:12]} Qd7 {[%clk 0:05:19]} 34. Re2 {[%clk 0:31:12]} Qd8
{[%clk 0:04:36]} 35. Rce1 {[%clk 0:28:11]} Rb7 {[%clk 0:03:19]} 36. Re3
{[%clk 0:26:33]} Rbf7 {[%clk 0:01:45]} 37. R1e2 {[%clk 0:26:19]} Kh6
{[%clk 0:01:29]} 38. Qe1 {[%clk 0:22:18]} Qb6 {[%clk 0:01:28]} 39. a3
{[%clk 0:18:08]} Rb8 {[%clk 0:00:54]} 40. Re7 {[%clk 0:44:20]} Rbf8
{[%clk 0:30:46]} 41. Rxf7 {[%clk 0:43:51]} Rxf7 {[%clk 0:31:07]} 42. Qc3
{[%clk 0:43:15]} Qd8 {[%clk 0:25:26]} 43. Re3 {[%clk 0:28:28]} Kh7
{[%clk 0:22:53]} 44. Qe1 {[%clk 0:27:32]} Bd7 {[%clk 0:20:30]} 45. Qe2
{[%clk 0:26:00]} Kg7 {[%clk 0:19:42]} 46. Kg1 {[%clk 0:21:32]} Qb6
{[%clk 0:18:31]} 47. Re7 {[%clk 0:21:05]} Qb1+ {[%clk 0:13:15]} 48. Kh2
{[%clk 0:20:44]} Qf5 {[%clk 0:10:21]} 49. Re4 {[%clk 0:20:52]} g5
{[%clk 0:09:40]} 50. fxg5 {[%clk 0:20:45]} fxg5 {[%clk 0:09:54]} 51. Bg3
{[%clk 0:16:27]} Qg6 {[%clk 0:09:29]} 52. Be1 {[%clk 0:14:44]} Qf5
{[%clk 0:08:13]} 53. Re3 {[%clk 0:12:28]} Qg6 {[%clk 0:06:06]} 54. Qb2+
{[%clk 0:11:16]} Kh7 {[%clk 0:06:08]} 55. Qb8 {[%clk 0:10:26]} g4
{[%clk 0:01:47]} 56. h4 {[%clk 0:05:44]} Qf6 {[%clk 0:01:47]} 57. Bg3
{[%clk 0:06:03]} Qd4 {[%clk 0:01:06]} 58. Re1 {[%clk 0:05:51]} Qxc4
{[%clk 0:00:48]} 59. Qxd6 {[%clk 0:06:19]} Bf5 {[%clk 0:00:39]} 60. Re7
{[%clk 0:06:00]} Bg6 {[%clk 0:00:51]} 61. Qe6 {[%clk 0:05:49]} Qf1
{[%clk 0:00:36]} 62. d6 {[%clk 0:06:04]} Rxe7 {[%clk 0:00:35]} 63. Qxe7+
{[%clk 0:06:32]} Kg8 {[%clk 0:00:32]} 64. d7 {[%clk 0:06:50]} 1-0

[Event "World Senior Championship F50+/F65+"]
[Site "Katerini"]
[Date "2014.11.03"]
[Round "10.4"]
[White "Melashvili, Nino"]
[Black "Lauterbach, Ingrid"]
[Result "1-0"]
[WhiteElo "2135"]
[BlackElo "2095"]
[EventDate "2014.10.24"]

1. Nf3 {[%clk 1:30:57]} d6 {[%clk 1:30:51]} 2. d4 {[%clk 1:31:22]} g6
{[%clk 1:31:06]} 3. Bf4 {[%clk 1:31:40]} Bg7 {[%clk 1:31:10]} 4. Qd2
{[%clk 1:32:05]} Nd7 {[%clk 1:31:05]} 5. e4 {[%clk 1:30:06]} Ngf6
{[%clk 1:24:56]} 6. Nc3 {[%clk 1:28:19]} c5 {[%clk 1:21:39]} 7. Bh6
{[%clk 1:18:44]} O-O {[%clk 1:15:11]} 8. Bxg7 {[%clk 1:04:35]} Kxg7
{[%clk 1:15:08]} 9. e5 {[%clk 1:03:00]} Ne8 {[%clk 1:06:35]} 10. exd6
{[%clk 0:55:07]} exd6 {[%clk 1:02:46]} 11. O-O-O {[%clk 0:54:30]} Qa5
{[%clk 1:00:37]} 12. h4 {[%clk 0:54:35]} h5 {[%clk 0:56:52]} 13. g4
{[%clk 0:54:23]} Ndf6 {[%clk 0:52:33]} 14. gxh5 {[%clk 0:53:58]} Nxh5
{[%clk 0:52:07]} 15. Rg1 {[%clk 0:54:12]} Nef6 {[%clk 0:50:47]} 16. Bd3
{[%clk 0:53:57]} cxd4 {[%clk 0:45:03]} 17. Nxd4 {[%clk 0:53:57]} Qe5
{[%clk 0:45:12]} 18. Nde2 {[%clk 0:53:56]} Bg4 {[%clk 0:41:23]} 19. f3
{[%clk 0:45:41]} Bxf3 {[%clk 0:35:59]} 20. Rg5 {[%clk 0:46:05]} Qe7
{[%clk 0:31:35]} 21. Nd4 {[%clk 0:28:40]} Bg4 {[%clk 0:25:29]} 22. Be2
{[%clk 0:22:50]} Qd7 {[%clk 0:24:30]} 23. Rg1 {[%clk 0:15:01]} Bxe2
{[%clk 0:19:32]} 24. Nf5+ {[%clk 0:15:20]} Kg8 {[%clk 0:12:38]} 25. Qxe2
{[%clk 0:14:38]} Rfe8 {[%clk 0:11:07]} 26. Qg2 {[%clk 0:14:09]} Re5
{[%clk 0:09:00]} 27. Nh6+ {[%clk 0:05:28]} Kf8 {[%clk 0:06:04]} 28. Rf1
{[%clk 0:03:27]} Kg7 {[%clk 0:04:32]} 29. Nf5+ {[%clk 0:03:17]} Kh7
{[%clk 0:04:42]} 30. Ng3 {[%clk 0:02:54]} Qe7 {[%clk 0:04:13]} 31. Rxe5
{[%clk 0:01:49]} dxe5 {[%clk 0:03:48]} 32. Nxh5 {[%clk 0:02:09]} Nxh5
{[%clk 0:03:48]} 33. Nd5 {[%clk 0:02:33]} Qd7 {[%clk 0:03:43]} 34. Qf3
{[%clk 0:02:57]} Kg7 {[%clk 0:02:32]} 35. Nf6 {[%clk 0:03:08]} Nxf6
{[%clk 0:02:53]} 36. Qxf6+ {[%clk 0:03:34]} Kg8 {[%clk 0:03:19]} 37. h5
{[%clk 0:02:13]} Rd8 {[%clk 0:03:09]} 38. a3 {[%clk 0:02:42]} Qd2+
{[%clk 0:00:57]} 39. Kb1 {[%clk 0:03:11]} Rd7 {[%clk 0:01:13]} 40. hxg6
{[%clk 0:33:25]} 1-0

[Event "World Senior Championship F50+/F65+"]
[Site "Katerini"]
[Date "2014.11.03"]
[Round "10.5"]
[White "Titorenko, Natalia I"]
[Black "Ankudinova, Yelena"]
[Result "0-1"]
[WhiteElo "2123"]
[BlackElo "2121"]
[EventDate "2014.10.24"]

1. e4 {[%clk 1:30:58]} c6 {[%clk 1:30:34]} 2. d3 {[%clk 1:31:23]} d5
{[%clk 1:30:51]} 3. Nd2 {[%clk 1:31:51]} e5 {[%clk 1:31:00]} 4. g3
{[%clk 1:28:46]} Nf6 {[%clk 1:30:58]} 5. Bg2 {[%clk 1:28:52]} Bd6
{[%clk 1:29:25]} 6. Ngf3 {[%clk 1:27:11]} O-O {[%clk 1:29:41]} 7. O-O
{[%clk 1:25:37]} Re8 {[%clk 1:29:45]} 8. h3 {[%clk 1:25:35]} Nbd7
{[%clk 1:29:31]} 9. Re1 {[%clk 1:23:47]} Qc7 {[%clk 1:14:20]} 10. Nh2
{[%clk 1:19:25]} Nc5 {[%clk 1:11:08]} 11. Ndf1 {[%clk 1:13:16]} h6
{[%clk 1:06:42]} 12. Ng4 {[%clk 1:01:25]} Bxg4 {[%clk 0:57:02]} 13. hxg4
{[%clk 1:01:54]} Ne6 {[%clk 0:56:26]} 14. Ne3 {[%clk 0:56:24]} dxe4
{[%clk 0:52:49]} 15. dxe4 {[%clk 0:46:41]} Rad8 {[%clk 0:49:42]} 16. c3
{[%clk 0:45:38]} Rd7 {[%clk 0:42:32]} 17. Nf5 {[%clk 0:42:55]} Bf8
{[%clk 0:41:53]} 18. Qf3 {[%clk 0:42:24]} Nh7 {[%clk 0:36:18]} 19. Be3
{[%clk 0:35:31]} Nhg5 {[%clk 0:36:39]} 20. Qe2 {[%clk 0:33:21]} Red8
{[%clk 0:32:37]} 21. Red1 {[%clk 0:30:53]} g6 {[%clk 0:30:13]} 22. Bxg5
{[%clk 0:27:01]} Nxg5 {[%clk 0:29:07]} 23. Ne3 {[%clk 0:22:06]} Bc5
{[%clk 0:29:12]} 24. Rxd7 {[%clk 0:17:43]} Rxd7 {[%clk 0:29:34]} 25. Nc4
{[%clk 0:12:25]} b5 {[%clk 0:29:23]} 26. Nd2 {[%clk 0:12:51]} Qd8
{[%clk 0:29:14]} 27. Nb3 {[%clk 0:11:52]} Bb6 {[%clk 0:29:22]} 28. Bf1
{[%clk 0:05:13]} Rd6 {[%clk 0:29:13]} 29. Bg2 {[%clk 0:03:57]} a5
{[%clk 0:29:16]} 30. a4 {[%clk 0:03:05]} bxa4 {[%clk 0:29:16]} 31. Rxa4
{[%clk 0:03:34]} Rf6 {[%clk 0:28:50]} 32. Qd2 {[%clk 0:02:10]} Qb8
{[%clk 0:24:37]} 33. Kh1 {[%clk 0:01:37]} Rxf2 {[%clk 0:12:52]} 34. Qc1
{[%clk 0:02:06]} Qd8 {[%clk 0:12:34]} 35. Nxa5 {[%clk 0:01:15]} Bxa5
{[%clk 0:12:05]} 0-1

[Event "World Senior Championship F50+/F65+"]
[Site "Katerini"]
[Date "2014.11.03"]
[Round "10.6"]
[White "Khmiadashvili, Tamar"]
[Black "Strutinskaia, Galina"]
[Result "1/2-1/2"]
[WhiteElo "2090"]
[BlackElo "2287"]
[EventDate "2014.10.24"]

1. Nf3 {[%clk 1:30:45]} f5 {[%clk 1:28:59]} 2. b3 {[%clk 1:30:42]} d6
{[%clk 1:28:54]} 3. Bb2 {[%clk 1:27:56]} e5 {[%clk 1:29:01]} 4. e3
{[%clk 1:27:33]} c6 {[%clk 1:27:07]} 5. c4 {[%clk 1:25:29]} Nf6 {[%clk 1:25:56]}
6. Ng1 {[%clk 1:22:34]} g6 {[%clk 1:24:44]} 7. d4 {[%clk 1:18:37]} Nbd7
{[%clk 1:21:38]} 8. Bd3 {[%clk 1:15:11]} e4 {[%clk 1:21:32]} 9. Be2
{[%clk 1:14:06]} Bg7 {[%clk 1:21:38]} 10. Nh3 {[%clk 1:08:56]} Nf8
{[%clk 1:20:09]} 11. Nf4 {[%clk 1:07:49]} Ne6 {[%clk 1:20:04]} 12. Nxe6
{[%clk 0:58:10]} Bxe6 {[%clk 1:20:24]} 13. Nc3 {[%clk 0:57:38]} Bf7
{[%clk 1:19:58]} 14. h4 {[%clk 0:54:20]} Qe7 {[%clk 1:18:49]} 15. g3
{[%clk 0:50:47]} h6 {[%clk 1:18:53]} 16. Qd2 {[%clk 0:50:48]} g5 {[%clk 1:18:23]}
17. O-O-O O-O-O {[%clk 1:18:38]} 18. Qc2 {[%clk 0:41:38]} Kb8 {[%clk 1:18:20]}
19. b4 {[%clk 0:41:01]} Rhe8 {[%clk 1:14:54]} 20. hxg5 {[%clk 0:40:32]} hxg5
{[%clk 1:15:22]} 21. Qa4 {[%clk 0:39:03]} Rh8 {[%clk 1:13:11]} 22. Qa5
{[%clk 0:32:06]} Be6 {[%clk 1:09:49]} 23. g4 {[%clk 0:27:23]} Nxg4
{[%clk 1:08:40]} 24. Bxg4 {[%clk 0:27:41]} fxg4 {[%clk 1:09:08]} 25. Rxh8
{[%clk 0:23:05]} Rxh8 {[%clk 1:07:55]} 26. d5 {[%clk 0:15:50]} cxd5
{[%clk 1:07:41]} 27. Nxd5 {[%clk 0:14:10]} Bxb2+ {[%clk 1:04:22]} 28. Kxb2
{[%clk 0:14:35]} Bxd5 {[%clk 1:04:14]} 29. Qxd5 {[%clk 0:13:51]} Rf8
{[%clk 1:02:45]} 30. Rd2 {[%clk 0:13:10]} Rf6 {[%clk 1:02:42]} 31. Qxg5
{[%clk 0:10:46]} Qf7 {[%clk 1:01:03]} 32. Kc3 {[%clk 0:09:25]} Kc7
{[%clk 1:00:50]} 33. Qa5+ {[%clk 0:07:52]} Kc8 {[%clk 1:01:10]} 34. Qxa7
{[%clk 0:07:13]} Rxf2 {[%clk 1:00:21]} 35. Qa8+ Kc7 {[%clk 0:58:32]} 36. Qa5+
{[%clk 0:07:39]} Kd7 {[%clk 0:57:38]} 37. Qb5+ {[%clk 0:06:54]} Kc7
{[%clk 0:57:37]} 38. Qa5+ {[%clk 0:07:08]} Kd7 {[%clk 0:57:55]} 39. Qb5+
{[%clk 0:07:28]} Kc7 1/2-1/2

[Event "World Senior Championship F50+/F65+"]
[Site "Katerini"]
[Date "2014.11.03"]
[Round "10.7"]
[White "Priedite, Ingrida"]
[Black "Saunina, Ludmila"]
[Result "1/2-1/2"]
[WhiteElo "2225"]
[BlackElo "2190"]
[EventDate "2014.10.24"]

1. c4 {[%clk 1:30:54]} e5 {[%clk 1:30:55]} 2. Nc3 {[%clk 1:30:58]} Nf6
{[%clk 1:30:03]} 3. Nf3 {[%clk 1:30:38]} Nc6 {[%clk 1:30:28]} 4. d4
{[%clk 1:25:00]} exd4 {[%clk 1:30:38]} 5. Nxd4 {[%clk 1:25:23]} Bb4
{[%clk 1:30:25]} 6. Nxc6 {[%clk 1:22:32]} Bxc3+ {[%clk 1:29:50]} 7. bxc3
{[%clk 1:22:52]} bxc6 {[%clk 1:30:14]} 8. Ba3 {[%clk 1:12:22]} d6
{[%clk 1:30:24]} 9. c5 {[%clk 1:12:36]} d5 {[%clk 1:29:20]} 10. e3
{[%clk 1:11:38]} Ne4 {[%clk 1:27:28]} 11. Qd4 {[%clk 1:07:51]} O-O
{[%clk 1:27:00]} 12. Bd3 {[%clk 1:02:45]} Re8 {[%clk 1:22:14]} 13. c4
{[%clk 0:54:46]} Ba6 {[%clk 1:14:09]} 14. Bb2 {[%clk 0:53:37]} Qf6
{[%clk 1:05:53]} 15. Bxe4 {[%clk 0:48:25]} Qxd4 {[%clk 1:00:10]} 16. Bxh7+
{[%clk 0:48:02]} Kxh7 {[%clk 1:00:34]} 17. Bxd4 {[%clk 0:48:26]} Bxc4
{[%clk 1:01:00]} 18. Kd2 {[%clk 0:48:37]} a5 {[%clk 0:58:44]} 19. a4
{[%clk 0:43:44]} Reb8 {[%clk 0:56:08]} 20. Rhb1 {[%clk 0:43:55]} f6
{[%clk 0:55:23]} 21. Bc3 {[%clk 0:41:46]} Kg6 {[%clk 0:47:11]} 22. f3
{[%clk 0:37:41]} Rh8 {[%clk 0:42:03]} 23. h3 {[%clk 0:37:54]} Kf7
{[%clk 0:42:12]} 24. Rb7 {[%clk 0:36:08]} Rhc8 {[%clk 0:42:30]} 25. h4
{[%clk 0:35:46]} Ba6 {[%clk 0:42:27]} 26. Rb2 {[%clk 0:36:04]} Bc4
{[%clk 0:42:16]} 27. h5 {[%clk 0:32:48]} Ke6 {[%clk 0:41:04]} 28. g4
{[%clk 0:32:45]} Rh8 {[%clk 0:41:10]} 29. Rh1 {[%clk 0:31:29]} Rh7
{[%clk 0:40:45]} 30. f4 {[%clk 0:29:16]} Kd7 {[%clk 0:26:33]} 31. g5
{[%clk 0:26:03]} Ke6 {[%clk 0:26:58]} 32. Rbb1 {[%clk 0:23:45]} Kf5
{[%clk 0:25:40]} 33. gxf6 {[%clk 0:21:47]} gxf6 {[%clk 0:26:06]} 34. Rbg1
{[%clk 0:21:49]} Bb3 {[%clk 0:22:35]} 35. h6 {[%clk 0:20:03]} Bxa4
{[%clk 0:21:31]} 36. Rh5+ {[%clk 0:16:29]} Ke6 {[%clk 0:21:34]} 37. Rg6
{[%clk 0:16:33]} Rf8 {[%clk 0:22:01]} 38. f5+ {[%clk 0:07:52]} Ke7
{[%clk 0:22:22]} 39. Bxa5 Kd7 {[%clk 0:21:01]} 40. Bc3 {[%clk 0:34:36]} Ke7
{[%clk 0:50:50]} 41. Rh1 {[%clk 0:28:40]} Bb5 {[%clk 0:49:38]} 42. Rhg1
{[%clk 0:28:32]} Rff7 {[%clk 0:48:22]} 43. Ra1 {[%clk 0:28:29]} Rh8
{[%clk 0:47:27]} 44. Ra7 {[%clk 0:27:29]} Rc8 {[%clk 0:47:50]} 45. h7
{[%clk 0:24:19]} Rxh7 {[%clk 0:46:59]} 46. Bxf6+ {[%clk 0:24:24]} Kd7
{[%clk 0:43:23]} 47. Be5 {[%clk 0:24:04]} Rf7 {[%clk 0:42:02]} 48. f6
{[%clk 0:22:09]} Ke6 {[%clk 0:41:11]} 49. Bd4 {[%clk 0:22:21]} Rh8
{[%clk 0:34:38]} 50. Rg7 {[%clk 0:19:29]} Rh2+ {[%clk 0:34:41]} 51. Kc3
{[%clk 0:19:37]} Rh7 {[%clk 0:34:49]} 52. Ra8 {[%clk 0:19:01]} Bf1
{[%clk 0:27:16]} 53. Re8+ {[%clk 0:17:06]} Kd7 {[%clk 0:27:33]} 54. Reg8
{[%clk 0:15:38]} Ke6 {[%clk 0:27:21]} 55. Rxh7 {[%clk 0:15:49]} Rxh7
{[%clk 0:27:48]} 56. Rg7 {[%clk 0:08:33]} Rh8 {[%clk 0:27:22]} 1/2-1/2